| 000 | 00759 a2200205 4500 | ||
|---|---|---|---|
| 001 | 62637 | ||
| 005 | 20260407155920.0 | ||
| 008 | 260407a1997 arg spa d | ||
| 003 | AR-UNSa-BCEJYS | ||
| 040 |
_aAR-UNSa-BCEJYS _bspa _cAR-UNSa-BCEJYS |
||
| 080 |
_a657-051 _xProfesional en Ciencias Económicas (Contador...) |
||
| 245 | 1 | 0 |
_aRegimen de legalizaciones de informes y certificaciones del Consejo Profesional de Ciencias Económicas de la Capital Federal _pLa forma jurídica de las sociedades profesionales |
| 020 | _a978-950-811-052-7 | ||
| 264 | 1 |
_aBuenos Aires : _bEdiciones Nuevas Técnicas _c1997 |
|
| 300 |
_a168 p. _c28 cm. |
||
| 041 | _aspa | ||
| 942 | _cBK | ||
| 590 | _aniveau_biblio:m niveau_hierar:0 | ||
| 100 | 1 | _aMariscotti, Raúl E.P.P. | |
| 999 |
_c7737 _d7737 |
||